<?xml version="1.0" encoding="UTF-8"?>
<marc:record xmlns:marc="http://www.loc.gov/MARC21/slim">
   <marc:leader>00000nam a2200000 a 4500</marc:leader>
   <marc:datafield ind1="1" ind2=" " tag="100">
      <marc:subfield code="a">Randolph, Alex</marc:subfield>
   </marc:datafield>
   <marc:datafield ind1="0" ind2="0" tag="245">
      <marc:subfield code="a">Tempo, kleine Schnecke</marc:subfield>
   </marc:datafield>
   <marc:datafield ind1="0" ind2="0" tag="245">
      <marc:subfield code="c">Randolph, Alex</marc:subfield>
   </marc:datafield>
   <marc:datafield ind1=" " ind2="1" tag="264">
      <marc:subfield code="a">Ravensburg</marc:subfield>
      <marc:subfield code="b">Ravensburger</marc:subfield>
      <marc:subfield code="c">2008</marc:subfield>
   </marc:datafield>
   <marc:datafield ind1="1" ind2=" " tag="520">
      <marc:subfield code="a">RAVENSBURGER Tempo kleine Schnecke! Sechs große, bunte Holzschnecken veranstalten im Garten einen Wettlauf. Wer wird wohl die Schnellste sein? Schon die Kleinsten sind von diesem einfachen Farbwürfelspiel begeistert. Ein beliebter Klassiker, der durch seine pfiffige Idee, die hochwertige Ausstattung aus Holz und die fröhliche Gestaltung überzeugt. Dieses Spiel fördert: Erstes Regelverständnis, Konzentration und Farben. Für 2 bis 6 Spieler ab 3 Jahren.</marc:subfield>
   </marc:datafield>
   <marc:datafield ind1="3" ind2=" " tag="024">
      <marc:subfield code="a">4005556214204</marc:subfield>
   </marc:datafield>
   <marc:datafield ind1=" " ind2=" " tag="041">
      <marc:subfield code="a">ger</marc:subfield>
   </marc:datafield>
   <marc:datafield ind1=" " ind2=" " tag="500">
      <marc:subfield code="a">Spielanleitung (DE)</marc:subfield>
   </marc:datafield>
   <marc:datafield ind1=" " ind2=" " tag="300">
      <marc:subfield code="a">1 Spielplan, 6 Holzschnecken, 2 Würfel, 1 Anleitung</marc:subfield>
   </marc:datafield>
</marc:record>
